LEARN LIBRARY CLASSIFICATION (Record no. 206792)
[ view plain ]
| 000 -LEADER | |
|---|---|
| fixed length control field | 00240nam a2200097Ia 4500 |
| 050 ## - LIBRARY OF CONGRESS CALL NUMBER | |
| Classification number | Z 696 .D435 2005 |
| 100 ## - MAIN ENTRY--PERSONAL NAME | |
| Personal name | DHIMAN, ANIL K. |
| 245 #0 - TITLE STATEMENT | |
| Title | LEARN LIBRARY CLASSIFICATION |
| 942 ## - ADDED ENTRY ELEMENTS (KOHA) | |
| Koha item type | Long Loan Book |
| Withdrawn status | Lost status | Source of classification or shelving scheme | Damaged status | Not for loan | Collection | Home library | Current library | Shelving location | Date acquired | Inventory number | Total checkouts | Full call number | Barcode | Date last seen | Copy number | Price effective from | Koha item type | Date last checked out |
|---|---|---|---|---|---|---|---|---|---|---|---|---|---|---|---|---|---|---|
| Library of Congress Classification | Science & Technology | Kisii University Library | Kisii University Library | On Display | 09/15/2023 | 57834 | Z 696 .D495 2005 | 018608 | 09/15/2023 | C.2 | 09/15/2023 | Long Loan Book | ||||||
| Library of Congress Classification | Science & Technology | Kisii University Library | Kisii University Library | On Display | 06/04/2024 | 42168 | 1 | Z 696 .D495 2005 | 018619 | 11/28/2025 | C.1 | 06/04/2024 | Long Loan Book | 11/20/2025 |